000 01047nam a2200289Ia 4500
003 OSt
005 20221005111117.0
006 a|||||r|||| 00| 0
007 ta
008 221004b |||||||| |||| 00| 0 hin d
020 _a9789350003404 (hbk)
_c200
024 _a19943
037 _b517, 21/03/2015, Vani Prakashan
_cTextual
040 _aCRL
_cCRL
_bhin
041 _2hin
_ahin
082 _aO152,6N291x, P0
100 _aयादव, राजेन्द्र
245 0 _aअॅंधेरों से उठती गुहार
246 _aAॅandheroan se uṭhatī guhāra
250 _a2 संस्करण
260 _aनई दिल्ली
_bवाणी प्रकाशन भारत
_c2011
300 _a122पृ0
_ccm.
490 _aकांटे की बात; 7
650 _aहिन्दी साहित्य
942 _hO152,6N291x, P0
_cTEXL
_2cc
999 _c1020857
_d1020857